The story of the Arab Legion. (Record no. 549943)
[ view plain ]
| 000 -LEADER | |
|---|---|
| fixed length control field | 00378cam a22001331 4500 |
| 082 ## - DEWEY DECIMAL CLASSIFICATION NUMBER | |
| Classification number | 956.95 |
| Author Mark | GLU |
| -- | MCE |
| 100 1# - MAIN ENTRY--PERSONAL NAME | |
| Personal name | Glubb, John Bagot, |
| 9 (RLIN) | 46650 |
| 245 14 - TITLE STATEMENT | |
| Title | The story of the Arab Legion. |
| 260 ## - PUBLICATION, DISTRIBUTION, ETC. | |
| Place of publication, distribution, etc. | London, |
| Name of publisher, distributor, etc. | Hodder & Stoughton |
| Date of publication, distribution, etc. | [1948] |
| 300 ## - PHYSICAL DESCRIPTION | |
| Extent | 371p. |
| Other physical details | plates,ports.,maps. |
| Dimensions | 23cm. |
| 526 ## - STUDY PROGRAM INFORMATION NOTE | |
| Program name | 0 |
| Interest level | 0 |
| Reading level | 0 |
| Title point value | 956_950000000000000_GLU |
| 650 ## - SUBJECT ADDED ENTRY--TOPICAL TERM | |
| Topical term or geographic name entry element | MCE |
| 9 (RLIN) | 379 |
| 942 ## - ADDED ENTRY ELEMENTS (KOHA) | |
| Source of classification or shelving scheme | |
| Koha item type | Book |
| Withdrawn status | Lost status | Source of classification or shelving scheme | Damaged status | Not for loan | Permanent Location | Current Location | Date acquired | Total Checkouts | Full call number | Barcode | Date last seen | Price effective from | Koha item type |
|---|---|---|---|---|---|---|---|---|---|---|---|---|---|
| Military College of Engineering (MCE) | Military College of Engineering (MCE) | 10/16/2014 | 956.95 GLU | MCE-30848 | 10/16/2014 | 10/16/2014 | Book |
